Self reliance in Kenya : (Record no. 1513)

MARC details
000 -LEADER
fixed length control field 00952nam a2200301 i 4500
001 - CONTROL NUMBER
control field 853810
003 - CONTROL NUMBER IDENTIFIER
control field OSt
005 - DATE AND TIME OF LATEST TRANSACTION
control field 20230620094351.0
008 - FIXED-LENGTH DATA ELEMENTS--GENERAL INFORMATION
fixed length control field 781121s1977 sw a b 000 0 eng
010 ## - LIBRARY OF CONGRESS CONTROL NUMBER
LC control number 78317475
015 ## - NATIONAL BIBLIOGRAPHY NUMBER
National bibliography number S***
020 ## - INTERNATIONAL STANDARD BOOK NUMBER
International Standard Book Number 9171061215
040 ## - CATALOGING SOURCE
Original cataloging agency DLC
Transcribing agency DLC
Modifying agency DLC
043 ## - GEOGRAPHIC AREA CODE
Geographic area code f-ke---
050 00 - LIBRARY OF CONGRESS CALL NUMBER
Classification number HN793.Z
082 00 - DEWEY DECIMAL CLASSIFICATION NUMBER
Classification number 309.2
Item number MBI
100 1# - MAIN ENTRY--PERSONAL NAME
Personal name Mbithi, Philip M.
245 10 - TITLE STATEMENT
Title Self reliance in Kenya :
Remainder of title the case of Harambee /
Statement of responsibility, etc. Philip M. Mbithi and Rasmus Rasmusson.
260 ## - PUBLICATION, DISTRIBUTION, ETC. (IMPRINT)
Place of publication, distribution, etc. Uppsala :
Name of publisher, distributor, etc. Scandinavian Institute of African Studies : [Stockholm : distributed by Alqvist & Wicksell],
Date of publication, distribution, etc. 1977.
300 ## - PHYSICAL DESCRIPTION
Extent 177 p. :
Other physical details ill. ;
Dimensions 22 cm.
504 ## - BIBLIOGRAPHY, ETC. NOTE
Bibliography, etc Bibliography: p. 170-172.
650 #0 - SUBJECT ADDED ENTRY--TOPICAL TERM
Topical term or geographic name as entry element Community development
Geographic subdivision Kenya.
650 #0 - SUBJECT ADDED ENTRY--TOPICAL TERM
Topical term or geographic name as entry element Political participation
Geographic subdivision Kenya.
700 1# - ADDED ENTRY--PERSONAL NAME
Personal name Rasmusson, Rasmus,
Relator term joint author.
740 ## - ADDED ENTRY--UNCONTROLLED RELATED/ANALYTICAL TITLE
Uncontrolled related/analytical title Harambee.
906 ## - LOCAL DATA ELEMENT F, LDF (RLIN)
a 7
b cbc
c orignew
d 3
e ncip
f 19
g y-gencatlg
942 ## - ADDED ENTRY ELEMENTS (KOHA)
Source of classification or shelving scheme Dewey Decimal Classification
Koha item type Books
Holdings
Withdrawn status Lost status Source of classification or shelving scheme Damaged status Not for loan Home library Current library Date acquired Total Checkouts Full call number Barcode Date last seen Price effective from Koha item type
    Dewey Decimal Classification     County Hall Archives County Hall Archives 06/20/2023   309.2 MBI 10000369 06/20/2023 06/20/2023 Books
LIBRARY OPENING HOURS

When the Parliament is sitting: 8.00a.m - 7.00p.m or until the house adjourns
Mondays and Fridays and when the House is on Recess:  8.00a.m - 5.00p.m
Closed on Weekends and Public Holidays

Online Public Access Catalog (OPAC)
Website: http://www.parliament.go.ke
Bunge Library: https://libraryir.parliament.go.ke
Contact: library@parliament.go.ke | Tel no: (254-2)2221291 or 2848000 Ext 5043